000 00410nam a2200157Ia 4500
003 GCL
008 140319s9999 xx 000 0 eng d
040 _aGCL /
_cGCL
082 0 4 _a323.4
_bB B
100 1 _aBROWNLIE, IAN
245 1 0 _aBASIC DOCUMETNS ON HUMAN RIGHTS /
_cBROWNLIE, IAN
260 _a[S.N] :
_bOXFORD UNIVERSITY PRESS ،
_c1994
300 _a631 P
650 0 4 _aHUMAN RIGHTS
942 _2ddc
_cBK
999 _c13165
_d13165